| 000 | 00699nam a2200241 a 4500 | ||
|---|---|---|---|
| 001 | 12842 | ||
| 003 | BD-JhCC | ||
| 005 | 20230518090229.0 | ||
| 008 | 230518s1998 pk |||| |||| 001 0 eng d | ||
| 020 | _a0195777271 | ||
| 035 | _a(BD-JhCC)12842 | ||
| 040 |
_aBD-JhCC _dBD-JhCC |
||
| 041 | _aeng | ||
| 082 |
_a954.9205 _bNIA 1998 |
||
| 100 | _aNiazi, A. A. K. | ||
| 245 |
_aThe betrayal of East Pakistan / _cLieutenant Geeral (R) A. A. K. Niazi |
||
| 260 |
_aKarachi : _bOxford University Press, _c1998. |
||
| 300 |
_a321 p. : _bMap; _c21 cm. |
||
| 504 | _aIncludes Index. | ||
| 600 |
_aNiazi, A. A. K _tGeneral _qAmir Abdullah Khan Niazi, |
||
| 650 |
_zBangladesh _zPakistan |
||
| 942 |
_2ddc _cCF |
||
| 999 |
_c12842 _d12842 |
||